| 000 | 009250am a2200277 004500 | ||
|---|---|---|---|
| 003 | EG-GiCUC | ||
| 008 | 061102s2001 le f 000 0 ara d | ||
| 020 | _a9953410127 | ||
| 040 |
_aEG-GiCUC _bara _cEG-GiCUC |
||
| 050 | 4 |
_aB741 _bS29 2001 |
|
| 092 | 0 | 4 |
_a189.19 _bS2749 _221 |
| 099 |
_a04 _a189.19 S2749 |
||
| 100 | 1 | _aسيف : انطوان | |
| 245 | 1 | 0 |
_aوعى الذات وصدمة الاخرة فى مقولات العقل الفلسفى العربى / _cانطوان سيف |
| 250 | _aط1 | ||
| 260 |
_aبيروت : _bدار الطليعة : _c2001 |
||
| 300 |
_a186ص ؛ _c25سم |
||
| 490 | 0 | _aفلسفة | |
| 504 | _aيشتمل على ارجاعات ببليوجرافية (ص181-185) | ||
| 650 | 7 |
_aالفلسفة الاسلامية _2qrmak |
|
| 650 | 7 |
_aالفلسفة العربية _2qrmak |
|
| 902 | _a1 | ||
| 905 |
_aايمان ع _eمراجع |
||
| 905 |
_aمنى _eمدخل |
||
| 942 |
_2ddc _cBK |
||
| 999 |
_c88381 _d88381 |
||